000 00788nam a22002057a 4500
003 OSt
005 20240314073720.0
008 130425s2018 dr a 001 0 spa d
040 _aDO-SdBNP
_bspa
_cBNPHU
082 4 _a320.97293
_bS939L
_222
100 1 _aSuazo Ruiz, Sócrates
_965107
245 1 0 _aLiderazgo ético de Juan Pablo Duarte /
_cSócrates Suazo Ruiz.
260 _aSanto Domingo :
_bFundación Patria Visual :
_bPro-Museo de la Identidad Dominicana,
_c2018.
300 _a143 p. :
_bil.;
_c22 cm.
500 _aIncluye referencias bibliográficas y notas al pie de las pie de las páginas
590 _aInventariado, 2021/YL
600 1 0 _aDuarte, Juan Pablo,
_d1813-1876
_xCrítica e interpretación
_91494
910 _aYL/Validado. Control de calidad MFF
942 _2ddc
_cLBS1
999 _c49298
_d49298